Iglesia católica y confesiones cristianas (Record no. 82772)

MARC details
000 -LEADER
campo de control de longitud fija 00828nam a2200253 i 4500
001 - NÚMERO DE CONTROL
campo de control 82772
003 - IDENTIFICADOR DE NÚMERO DE CONTROL
campo de control ES-MaACL
005 - FECHA Y HORA DE LA ÚLTIMA TRANSACCIÓN
campo de control 20250830062807.0
007 - CAMPO FIJO DE DESCRIPCIÓN FÍSICA--INFORMACIÓN GENERAL
campo de control de longitud fija t|
008 - DATOS DE LONGITUD FIJA--INFORMACIÓN GENERAL
campo de control de longitud fija 041111s1964 sp ||||1| spa d
080 ## - NÚMERO DE LA CLASIFICACIÓN DECIMAL UNIVERSAL
Número de la Clasificación Decimal Universal 27-675
100 1# - ENTRADA PRINCIPAL--NOMBRE DE PERSONA
Nombre de persona Algermissen, Konrad.
9 (RLIN) 144242
245 10 - MENCIÓN DEL TÍTULO
Título Iglesia católica y confesiones cristianas
Resto del título : (confesionología) /
Mención de responsabilidad, etc. Konrad Algermissen ; [traducción de: V. Fernández Peregrina].
260 ## - PUBLICACIÓN, DISTRIBUCIÓN, ETC.
Lugar de publicación, distribución, etc. Madrid :
Nombre del editor, distribuidor, etc. Rialp,
Fecha de publicación, distribución, etc. 1964.
300 ## - DESCRIPCIÓN FÍSICA
Extensión XXVI, 1431 p. ;
Dimensiones 23 cm.
490 1# - MENCIÓN DE SERIE
Mención de serie Biblioteca de Teología ;
Designación de volumen o secuencia 1
500 ## - NOTA GENERAL
Nota general Índice.
594 ## - Nota al título y mención de responsabilidad
Nota al título y mención de responsabilidad Tít. original: Konfessionskunde.
650 04 - PUNTO DE ACCESO ADICIONAL DE MATERIA--TÉRMINO DE MATERIA
Término de materia o nombre geográfico como elemento de entrada Ecumenismo.
9 (RLIN) 12045
700 0# - ENTRADA AGREGADA--NOMBRE PERSONAL
Nombre de persona Fernández Peregrina, V.
9 (RLIN) 49990
830 00 - PUNTO DE ACCESO ADICIONAL DE SERIE-TÍTULO UNIFORME
Título uniforme Biblioteca de teología
Designación de volumen o secuencia 1
9 (RLIN) 183765
852 ## - LOCALIZACIÓN
Ubicación ES-MaACL
Número de control de estantería E-13750
Encuadernación Olim P-316-Ter
Holdings
Estatus retirado Estado de pérdida Estado de daño No para préstamo Biblioteca de origen Biblioteca actual Ubicación en estantería Fecha de adquisición Fuente de adquisición Total de préstamos Signatura topográfica completa Código de barras Visto por última vez Precio de reemplazo Tipo de ítem Koha
        Biblioteca del Ateneo de Madrid Biblioteca del Ateneo de Madrid Depósito 2 10/12/2010     E-13750 1184852 23/02/2023 23/02/2023 Libro impreso